000 00339pam a2200157a 44500
008 230515b1997 xxu||||| |||| 00| 0 eng d
020 _aNULL
041 _aENGLISH
082 _a630
100 _aJOSHI P B
245 _aELEMENTS OF MECHANICAL ENGINEERING
250 _a0
260 _aN
_bN/A
_c1997
300 _a58
650 _aNULL
999 _c651200
_d651200